Quiz da Dominica - Statistics

Estatísticas Gerais
  • Esse quiz foi jogado 476 vezes
  • A pontuação média é 8 de 13
Estatísticas das Respostas
Dica Resposta % Correto
Língua oficial Inglês
93%
Mar fazendo fronteira com a Dominica Caribe
87%
Dominica era uma colônia deste país antes de 1978 Reino Unido
86%
Moeda oficial Dólar
80%
Arquipélago onde Dominica faz parte Pequenas {Antilhas}
80%
Dominica e Nicaragua são os únicos países a ter essa cor na sua bandeira Roxo
70%
Fruta que responde por mais de 39% do total das exportações Banana
67%
Capital Roseau
64%
Departamento ultramarino francês ao sul da Dominica Martinica
56%
Departamento ultramarino francês ao norte da Dominica Guadalupe
50%
Pássaro nacional, que aparece na bandeira Papagaio-imperial
48%
Populações significativas deste tipo de baleia podem ser encontradas na costa da Dominica Cachalote
34%
A ilha está dividida em 10 dessas divisões administrativas (começa com P) Paróquias
32%
Nenhum quiz correspondente encontrado
Distribuição das Pontuações
Porcentagem de Pessoas com Cada Pontuação
Percentil de Números Respondidos
Sua Pontuação Histórica
Você não jogou esse quiz